Online
Catalog

El diálogo de la fe con el sultán de los turcos / (Record no. 39341)

MARC details
000 -CABECERA
campo de control de longitud fija 00944nam a2200193 a 4500
001 - NÚMERO DE CONTROL
campo de control 000039851
005 - FECHA Y HORA DE LA ÚLTIMA TRANSACCIÓN
campo de control 20201002033753.0
008 - DATOS DE LONGITUD FIJA--INFORMACIÓN GENERAL
campo de control de longitud fija 130725s2000 sp 000 0 spa d
020 ## - NÚMERO INTERNACIONAL ESTÁNDAR DEL LIBRO
Número Internacional Estándar del Libro 8400079701
040 ## - FUENTE DE LA CATALOGACIÓN
Centro catalogador/agencia de origen DO-SdBNP
Lengua de catalogación spa
Centro/agencia transcriptor BNPHU
100 1# - ENTRADA PRINCIPAL--NOMBRE DE PERSONA
Nombre de persona Trebizonda, Jorge de
9 (RLIN) 66046
245 13 - MENCIÓN DE TÍTULO
Título El diálogo de la fe con el sultán de los turcos /
Mención de responsabilidad, etc. Jorge Ameruzes de Trebisonda ; edición crítica, traducción y estudio por Oscar de la Cruz Palma.
260 ## - PUBLICACIÓN, DISTRIBUCIÓN, ETC.
Lugar de publicación, distribución, etc. Madrid :
Nombre del editor, distribuidor, etc. Consejo Superior de Investigaciones Científicas:
-- Universidad Autónoma de Barcelona, Departamento de Ciencias de la Antigüedad y de la Edad Media,
Fecha de publicación, distribución, etc. 2000.
300 ## - DESCRIPCIÓN FÍSICA
Extensión XXIX, 194 p., ;
Dimensiones 26 cm.
490 1# - MENCIÓN DE SERIE
Mención de serie Nueva Roma. Biblioteca Graeca et latina Aevi posterioris
Designación de volumen o secuencia 9
504 ## - NOTA DE BIBLIOGRAFÍA, ETC.
Nota de bibliografía, etc. Incluye referencias bibliográficas y notas al pie de las páginas
546 ## - NOTA DE LENGUA/LENGUAJE
Nota de lengua/lenguaje Texto en latín y español
830 #0 - PUNTO DE ACCESO ADICIONAL DE SERIE-TÍTULO UNIFORME
Título uniforme Nueva Roma. Biblioteca Graeca et latina Aevi posterioris
Designación de volumen o secuencia 9
9 (RLIN) 66044
Holdings
Estado de retiro Estado de pérdida Restricciones de uso No para préstamo Código de colección Localización permanente Ubicación/localización actual Ubicación en estantería Fecha de adquisición Número de inventario Total de préstamos Signatura topográfica completa Código de barras Fecha visto por última vez Precio válido a partir de Tipo de ítem Koha
      Excluido de préstamo Monografías: Libros y Folletos General General En catalogación 25.07.2013 LF1   39851-10 25.06.2020 25.06.2020 No se presta

Powered by Koha